000 00384nam a2200145Ia 4500
008 230711s9999||||xx |||||||||||||| ||und||
041 _aENG
082 _a624
_bMO-B
100 _aMolnar,John
245 0 _aBuilding construction drafting and design
250 _a1st Ed.
260 _c1990
_aNew Delhi
_bCBS Publishers & Distributors Pvt.Ltd
650 _aCivil Engineering
942 _cBK
999 _c214
_d214